Divadelný mág začína čarovať Onedlho vypuknú na košickom javisku nevídané kúzla zásluhou Jozefa Bednárika

Bibliographic Details
Main Author: Holinková, Valéria (Author)
Corporate Author: Divadlo Janka Borodáča (Author)
Format: Article
Language:Slovak
PhysicalDescription:4 foto
Subjects:

MARC

LEADER 00000nab a2200000 a 4500
001 vtls000896843
003 SK-MaSNL
005 20260303194402.0
008 040720e19960314xo 0 slo
035 |a KE5867 
040 |a KEVKJB  |b slo  |c KEVKJB  |e AACR2 
041 0 |a slo 
044 |a xo  |c SK 
080 |a 792.5  |2 1981 
100 1 |a Holinková, Valéria  |4 aut  |9 878353 
245 1 0 |a Divadelný mág začína čarovať  |b Onedlho vypuknú na košickom javisku nevídané kúzla zásluhou Jozefa Bednárika 
300 |b 4 foto 
600 1 7 |a Bednárik, Jozef,  |d 1947-2013  |2 SNKMA  |9 174461 
610 2 7 |a Divadlo Janka Borodáča  |2 SNKKA  |9 232364 
610 2 7 |a Východoslovenské štátne divadlo v Košiciach  |2 SNKKA  |9 232428 
611 1 7 |a Sweet Charity (muzikál)  |2 SNK  |9 1226485 
650 0 7 |a muzikály  |2 SNKPH  |9 3332 
650 0 7 |a divadelná réžia  |2 SNKPH  |9 3341 
651 7 |a Košice (Slovensko)  |2 SNKPHgeo  |9 18694 
655 7 |a periodikum  |2 SNKPH  |9 29553 
655 7 |a rozhovory  |2 SNKPH  |9 31831 
710 2 |a Divadlo Janka Borodáča  |4 aut  |9 232364 
773 0 8 |t Korzo  |g Roč. 3, č.62, 14.3.1996, s. 12,21 
852 |a ZVYKNI  |b KIS3GCP 
999 |c 2157238  |d 2159168